Responses for show #4134 - Thursday, July 18, 2002

Contestants

[<< previous game]

Ron Ellison, a graduate student from Yardley, Pennsylvania

Kate Quillian, a computer programmer and analyst from Alpharetta, Georgia

Amy Ellis, a pharmacologist from Rockville, Maryland (whose 1-day cash winnings total $21,001)

[next game >>]

Jeopardy! Round responses

STATE CAPITALS
COMBOS
(Alex: We want you to name the...)
KEVIN COSTNER FILMS
INSECTS
AROUND THE ROOM
(Alex: Insects are all... aren't they?)
"BRAVE" HEART
    $200 7
Indianapolis

Amy
    $200 26
The Rolling Stones

Amy
    $200 1
The Untouchables

Amy
    $200 6
a butterfly

Ron
    $200 12
the bandstand

Kate
    $200 20
Brave New World

Amy
    $400 8
(Amy: What is Des Moines?)

Springfield (Illinois)

AmyRon
    $400 27
a martini

Amy
    $400 2
Field of Dreams

Amy
    $400 13
(Alex: 1,998 live here in southern California, and all in my house!)

termites

Kate
    $400 17
a minibar

Amy
    $400 22
"the home of the brave"

Ron
    $600 9
Salt Lake City

Kate
    $600 28
Thelma and Louise

Ron
    $600 3
Waterworld

Ron
    $600 14
boll weevils

Kate
    $600 18
a shelf

Amy
    $600 23
the Atlanta Braves

Ron
    $600 10
Columbia (South Carolina)

Kate
    $800 29
NATO

Ron
    $800 4
JFK

Ron
    $800 15
a centipede

Amy
    $800 19
drapes (curtains)

Kate
    $800 24
a Brave Bull

Kate
    $1000 11
Madison (Wisconsin)

Ron
    $1000 30
Muhammad

Amy
    $1000 5
Bull Durham

Amy
    $1000 16
(Ron: What is a crop?)

a gizzard

AmyRon
    $1000 21
rugs

Triple Stumper
    $1000 25
The Brave Little Toaster

Ron

Scores at the first commercial break (after clue 16):

Amy Kate Ron
$3,200 $2,400 $2,000

Scores at the end of the Jeopardy! Round:

Amy Kate Ron
$6,000 $4,000 $5,400

Double Jeopardy! Round responses

HISTORIC NAMES
QUITE A DISH
CHARACTERS IN PLAYS
SPORTS IN THE '90s
TRANSPORTATION
FAMILIAR PHRASES
    $400 6
Samuel Johnson

Triple Stumper
    $400 1
a meatball

Ron
    $400 18
Zorba the Greek

Ron
    $400 8
Florida

Ron
    $400 13
a wheelchair

Ron
    $400 23
worms

Ron
    $800 7
Oliver Cromwell

Triple Stumper
    $800 2
potatoes

Kate
    $800 19
Willy Loman

Ron
    $1,531 9
(Alex: What is the significance of that wager, if I might ask?)
(Ron: People at home know. It's my old store number.)

Coors Field

Ron
    $800 14
a brake

Ron
    $800 24
an optimist

Amy
    $1200 28
(Amy: Who are William and Mary?)

Ferdinand and Isabella

AmyRon
    $1200 3
sake

Amy
    $1200 20
Eliza Doolittle

Ron
    $1200 10
(Alex: [*] or hairdressing, either one is acceptable.)

soccer

Ron
    $1200 15
an elephant

Ron
    $1200 25
(Alex: [*] or old bottles, yes.)

old wineskins

Amy
    $1600 29
Leeuwenhoek

Amy
    $1600 4
tartare

Ron
    $2,000 21
(Alex: Fiddler on the Roof.)

Tevye

Ron
    $1600 11
(Alex: Yeah, it was a great game.)

the Buffalo Bills

Ron
    $1600 16
a moped

Ron
    $1600 26
the shoe is on the other foot

Triple Stumper
    $2000 30
Roger Bacon

Triple Stumper
    $2000 5
manicotti

Kate
    $2000 22
Molière

Ron
    $2000 12
(Alex: And he's still playing, [*].)

Gary Payton

Triple Stumper
    $2000 17
(Kate: What's a rickshaw?)

a pedicab

Kate
Triple Stumper
    $2000 27
It's always darkest before the dawn

Amy

Scores at the end of the Double Jeopardy! Round:

Amy Kate Ron
$11,600 $4,800 $24,131
(lock game)

[wagering suggestions for these scores]

Final Jeopardy! Round responses

AFRICAN COUNTRIES
(Alex: It is Africa's most populous country, [*].)
KateWhat is Ethiopia?
$2,700
AmyWhat is South Africa?
$2,001
RonWhat is Congo
$169
Nigeria

Final scores:

Amy Kate Ron
$9,599 $2,100 $23,962
2nd place: $2,000 3rd place: $1,000 New champion: $23,962

Game dynamics:

Coryat scores:

Amy Kate Ron
$11,600 $5,000 $23,000
17 R,
2 W
9 R
(including 1 DD),
1 W
27 R
(including 2 DDs),
1 W

Combined Coryat: $39,600

The J! Archive is created by fans, for fans. The Jeopardy! game show and all elements thereof, including but not limited to copyright and trademark thereto, are the property of Jeopardy Productions, Inc. and are protected under law. This website is not affiliated with, sponsored by, or operated by Jeopardy Productions, Inc. Join the discussion at JBoard.tv.